| 000 | 02369nam a2200337 i 4500 | ||
|---|---|---|---|
| 003 | DO-SdBNP | ||
| 005 | 20251208131033.0 | ||
| 007 | ta | ||
| 008 | 250930s1986 dr 000 e spa d | ||
| 040 |
_aDO-SdBNP _bspa _cBNPHU _erda |
||
| 041 | _aspa | ||
| 082 | 4 |
_aRD864.44 _bZ18a 1982 _222 |
|
| 100 | 1 |
_aZaglul, Antonio, _d1920-1996 _eautor _4aut. _969657 |
|
| 245 | 1 | 0 |
_aApuntes / _cAntonio Zaglul. |
| 250 | _aSéptima edición | ||
| 264 | 1 |
_aSanto Domingo, República Dominicana : _bEditora Taller, _c1986. |
|
| 300 |
_a132 páginas ; _c22 cm. |
||
| 336 |
_atexto _btxt _2rdacontent |
||
| 337 |
_asin mediación _bn _2rdamedia |
||
| 338 |
_avolumen _bnc _2rdacarrier |
||
| 490 | 0 |
_aBiblioteca Taller ; _v29 |
|
| 500 | _aEl libro dice que es la sexta edición del 1982, pero el libro en la portada y el colofón dice impreso en el 1986 y que es la séptima edición. | ||
| 505 | 0 | _tDedicatoria -- Del Dr. Herbert A. Carroll -- De Franklin Mieses Burgos -- Apuntes sobre los apuntes -- Brevísima y traumatizante historia de un pueblo -- Apuntes para la etnografía dominicana -- "El gancho": la paranoia del dominicano -- La sub-estimación de lo nuestro I -- La sub-estimación de lo nuestro II -- El dominicano y su lenguaje -- Cultura y nacionalismo -- Alimentación y malos hábitos alimentarios -- El dominicano y su comida -- Nuestras cosas perdidas -- El dominicano y su pena -- Ah no. Yo no sé, no... y el "no me doy cuenta" -- Jaragua motors, Polanco radio and the rent cars -- El dominicano, turista y geógrafo -- Requiem por mis perros -- ¿Quién nos cuida? -- ¿Somos malhumorados? -- Un querer mejor para nuestras cosas -- El arte de despotricar un país -- Complejo de isleño -- Caja de resonancia -- Son santiagueros, no santiaguenses -- Un dominicano es siempre un dominicano -- ¿Bovarismo nuestro? -- Nuestro productos -- Estar chivo y bronco, ¿es paranoia? -- Dominicano es un vocablo no dominicano -- El sifilazo -- Somos pesimistas -- El regreso a las cavernas -- Red beach -- Colofón. | |
| 590 | _aInventariado, 2025/ YL | ||
| 650 | 0 |
_aEnsayos dominicanos _965 |
|
| 650 | 0 |
_aLiteratura dominicana. _967 |
|
| 651 | 4 |
_aRepública Dominicana _xVida Social Y Costumbres _xEnsayos, Conferencias, Etc. _938926 |
|
| 651 | 4 |
_aRepública Dominicana _xAspectos Sociales _96981 |
|
| 910 | _aValidado. Control de calidad MFF | ||
| 942 |
_2ddc _cLBS1 |
||
| 999 |
_c59902 _d59902 |
||